Statistics for Ingrid Bergman Filmography

Click here to take the quiz!

General Stats

  • This quiz has been taken 63 times
    (25 since last reset)
  • The average score is 18 of 126

Answer Stats

TypeYearName% Correct
Film1942Casablanca
100%
Film1944Gaslight
83%
Radio Play1945, 1946Gaslight
83%
Radio Play1948, 1949Notorious
78%
Film1946Notorious
78%
Film1945Spellbound
72%
Film1950Stromboli
72%
Film1956Anastasia
67%
Film1978Autumn Sonata
67%
Film1958Indiscreet
67%
Film1948Joan of Arc
67%
Film1974Murder on the Orient Express
67%
Film1949Under Capricorn
67%
Film1943For Whom the Bell Tolls
56%
Radio Play1945For Whom the Bell Tolls
56%
Film1945The Bells of St. Mary's
56%
Film1941Dr. Jekyll and Mr. Hyde
44%
Film1936Intermezzo
44%
Radio Play1940, 1945Intermezzo
44%
Film1939Intermezzo
44%
TV Film1982A Woman Called Golda
33%
Film1969Cactus Flower
33%
Film1952Europe '51
33%
Film1958The Inn of the Sixth Happiness
33%
Film1945Saratoga Trunk
28%
Film1941Adam Had Four Sons
22%
Film1956Elena and Her Men
22%
Film1961Goodbye Again
22%
Film1941Rage in Heaven
22%
TV Special1979AFI Life Achievement Award: A Tribute to Alfred Hitchcock
17%
Film1976A Matter of Time
17%
Film1970A Walk in the Spring Rain
17%
Film1954Fear
17%
Film1940June Night
17%
Film1935Swedenhielms
17%
Film1964The Yellow Rolls-Royce
17%
Radio Special194517th Academy Awards Ceremony
11%
Radio Special194618th Academy Awards Ceremony
11%
Radio Play1944, 1948Anna Karenina
11%
Film1961Auguste
11%
Radio Play1946, 1947Bells of St. Mary's
11%
Film1973From the Mixed-Up Files of Mrs. Basil E. Frankweiler
11%
Film1954Journey to Italy
11%
Film1967Stimulantia
11%
Film1964The Visit
11%
Film1948Arch of Triumph
6%
Film1932Landskamp
6%
TV Show1959Startime
6%
Short Documentary1943Swedes in America
6%
Radio Special19441944 March of Dimes Campaign
0%
TV Show1967ABC Stage 67
0%
Radio Play1949A Doll's House
0%
Radio Play1941A Man's Castle
0%
Short Film1946American Creed
0%
Theater1965A Month in the Country
0%
Theater1941Anna Christie
0%
Film1938A Woman's Face
0%
Radio Special1947Born in a Merry Hour
0%
Radio Play1948Camille
0%
Theater1971-1972Captain Brassbound's Conversion
0%
Radio Series1942CBS Looks at Hollywood
0%
Radio Series1945Command Performance
0%
Radio Play1944Death Takes a Holiday
0%
Film1938Dollar
0%
Radio Special1947Flood Tide
0%
TV Show1977Great Performances
0%
TV Film1962Hedda Gabler
0%
Theater1962Hedda Gabler
0%
Documentary1984Ingrid
0%
TV Special1979Ingrid Bergman: An All-Star Salute
0%
TV Documentary1981Ingrid Bergman at the National Film Theatre
0%
Documentary2015Ingrid Bergman: In Her Own Words
0%
TV Documentary1996Ingrid Bergman Remembered
0%
TV Documentary1980Ingrid Bergman Story
0%
Radio Play1948Jane Eyre
0%
Film1954Joan of Arc at the Stake
0%
Theater1953-1954Joan of Arc at the Stake
0%
Theater1946-1947Joan of Lorraine
0%
Short Film1937Katt Över Vägen
0%
Documentary1970Langlois
0%
Theater1940Liliom
0%
Radio Special1946Look Achievement Awards
0%
Radio Series1939-1940sLux Radio Theater
0%
Radio Series1943Mail Call
0%
Radio Series1945Mail Call
0%
Radio Play1944Mayerling
0%
Theater1967-1968More Stately Mansions
0%
Radio Special1945Newspaper Guild Page-One Awards
0%
Film1935Ocean Breakers
0%
Film1939Only One Night
0%
Film1936On the Sunny Side
0%
Radio Special1945Our Hour of National Sorrow
0%
Radio Play1942Patterns
0%
Radio Play1944Premiere Show
0%
Radio Special1946Presentation of Film Critics Awards
0%
Radio Series1942Readers and Writers
0%
Radio Series1943Screen Guild Players
0%
Radio Series1941, 1947Screen Guild Theatre
0%
Radio Series1943Star Program with Lorne Greene
0%
Radio Play1947Still Life
0%
Radio Play1945Strange Morning
0%
Theater1956Tea and Sympathy
0%
Theater1973, 1975The Constant Wife
0%
Film1935The Count of the Old Town
0%
Film1938The Four Companions
0%
Radio Series1945The Fred Waring Show
0%
Radio Play1944The Guardsman
0%
Radio Special1954The Highlights of the 1953-54 Theatrical Season
0%
Audiobook1960The Human Voice
0%
TV Film1966The Human Voice
0%
Radio Series1944The Kate Smith Variety Show
0%
TV Show1980The Mike Douglas Show
0%
Audiobook1946The Pied Piper of Hamelin
0%
Radio Play1948The Seventh Veil
0%
Radio Play1942The Silent Heart
0%
Audiobook1979The Small Woman
0%
Radio Special1946The Star Spangled Way
0%
Radio Special1945Tribute to FDR
0%
TV Film1961Twenty-Four Hours in a Woman's Life
0%
Radio Series1947U.S.O. Campaign
0%
Film1935Walpurgis Night
0%
Theater1977-1978Waters of the Moon
0%
Film1953We, the Women
0%
Radio Mini-Series1949Whole Blood Ready
0%
Radio Special1954Why Young Actors Try to Break into the Theatre
0%
Radio Series1947Words with Music
0%

Score Distribution

Percentile by Number Answered

Percent of People with Each Score

Your Score History

You have not taken this quiz since the last reset